00286nam a2200109Ia 4500003000400000008004100004100002300045245003900068260004300107300000800150650001800158OSt191201s2017 xx 000 0 und d aGUPTA, Anand Kumar 0aSonepat Ke Stan Namo Ka Vishlashan aN. DelhibHaryana Granth Academyc2017 a165 aGeneral Books